<?xml version="1.0" encoding="UTF-8"?><?xml-stylesheet type="text/xsl" href="static/style.xsl"?><OAI-PMH xmlns="http://www.openarchives.org/OAI/2.0/" xmlns:xsi="http://www.w3.org/2001/XMLSchema-instance" xsi:schemaLocation="http://www.openarchives.org/OAI/2.0/ http://www.openarchives.org/OAI/2.0/OAI-PMH.xsd"><responseDate>2026-04-17T18:52:07Z</responseDate><request verb="GetRecord" identifier="oai:www.recercat.cat:20.500.12328/3488" metadataPrefix="marc">https://recercat.cat/oai/request</request><GetRecord><record><header><identifier>oai:recercat.cat:20.500.12328/3488</identifier><datestamp>2025-05-16T12:53:03Z</datestamp><setSpec>com_2072_67741</setSpec><setSpec>col_2072_484352</setSpec></header><metadata><record xmlns="http://www.loc.gov/MARC21/slim" xmlns:dcterms="http://purl.org/dc/terms/" xmlns:xsi="http://www.w3.org/2001/XMLSchema-instance" xmlns:doc="http://www.lyncode.com/xoai" xsi:schemaLocation="http://www.loc.gov/MARC21/slim http://www.loc.gov/standards/marcxml/schema/MARC21slim.xsd">
   <leader>00925njm 22002777a 4500</leader>
   <datafield ind2=" " ind1=" " tag="042">
      <subfield code="a">dc</subfield>
   </datafield>
   <datafield ind2=" " ind1=" " tag="720">
      <subfield code="a">Andrea, Galve-Huertas</subfield>
      <subfield code="e">author</subfield>
   </datafield>
   <datafield ind2=" " ind1=" " tag="720">
      <subfield code="a">Zilleruelo-Pozo, Maria José</subfield>
      <subfield code="e">author</subfield>
   </datafield>
   <datafield ind2=" " ind1=" " tag="720">
      <subfield code="a">García González, Susana</subfield>
      <subfield code="e">author</subfield>
   </datafield>
   <datafield ind2=" " ind1=" " tag="720">
      <subfield code="a">Ortíz-Puigpelat, Octavi</subfield>
      <subfield code="e">author</subfield>
   </datafield>
   <datafield ind2=" " ind1=" " tag="720">
      <subfield code="a">Hernandez Alfaro, Federico</subfield>
      <subfield code="e">author</subfield>
   </datafield>
   <datafield ind2=" " ind1=" " tag="720">
      <subfield code="a">Aboul-Hosn Centenero, Samir Carlos</subfield>
      <subfield code="e">author</subfield>
   </datafield>
   <datafield ind2=" " ind1=" " tag="260">
      <subfield code="c">2022</subfield>
   </datafield>
   <datafield ind2=" " ind1=" " tag="520">
      <subfield code="a">Background: Immediate implant placement with immediate esthetics has become a more common procedure over time, though ensuring good emergence of the axis of the implant has been a challenge. A novel macroimplant design with an angled platform (Co-Axis®) has been developed to ensure exit of the head of the implant in the correct prosthetic position. A systematic literature review was carried to determine the survival rate and marginal bone loss associated with these implants. Material and Methods: An electronic and manual literature search was made in accordance with the PRISMA statement. The search strategy was limited to human studies, retrospective and prospective clinical trials, cross-sectional studies, and cohort studies reporting outcomes of a novel macrohybrid implant with a 12° angled implant connection. Results: Three articles met the inclusion criteria and were reviewed in the analysis. The estimated success rate was 95.9%. The global marginal bone loss was estimated to be −0.17 ± 0.58 mm in an environment characterized by great heterogeneity (I2 = 99%). The estimated mean implant stability was 69.6 ± 0.92 (ISQ). As only two studies provided the required information, it was not possible to determine publication bias. Lastly, mean recession was estimated to be practically zero (0.06 ± 0.23 mm), with great heterogeneity. Conclusions: Within the limitations of this systematic review, it can be affirmed that immediate implant treatment with Co-Axis® implants shows a survival rate of 95.9% at one year of follow-up, with low marginal bone loss values, near-zero soft tissue recession, and favorable papilla index values. Nevertheless, the great heterogeneity of the data requires the findings to be interpreted with caution.</subfield>
   </datafield>
   <datafield ind1="8" ind2=" " tag="024">
      <subfield code="a">Galve-Huertas, Andrea; Zilleruelo-Pozo, Maria José; García González, Susana [et al.]. Clinical evidence on a novel macrohybrid design dental implant with 12° angled platform: a systematic review. Materials, 2022, 15(14), 5011. Disponible en: &lt;https://www.mdpi.com/1996-1944/15/14/5011>. Fecha de acceso: 4 nov. 2022. DOI: 10.3390/ma15145011</subfield>
   </datafield>
   <datafield ind1="8" ind2=" " tag="024">
      <subfield code="a">1996-1944</subfield>
   </datafield>
   <datafield ind1="8" ind2=" " tag="024">
      <subfield code="a">http://hdl.handle.net/20.500.12328/3488</subfield>
   </datafield>
   <datafield ind1="8" ind2=" " tag="024">
      <subfield code="a">https://dx.doi.org/10.3390/ma15145011</subfield>
   </datafield>
   <datafield tag="653" ind2=" " ind1=" ">
      <subfield code="a">Implant coaxial</subfield>
   </datafield>
   <datafield tag="653" ind2=" " ind1=" ">
      <subfield code="a">Angulació de l'implant</subfield>
   </datafield>
   <datafield tag="653" ind2=" " ind1=" ">
      <subfield code="a">Percentatge d'èxit</subfield>
   </datafield>
   <datafield tag="653" ind2=" " ind1=" ">
      <subfield code="a">Pèrdua òssia marginal</subfield>
   </datafield>
   <datafield tag="653" ind2=" " ind1=" ">
      <subfield code="a">Implante coaxial</subfield>
   </datafield>
   <datafield tag="653" ind2=" " ind1=" ">
      <subfield code="a">Angulación del implante</subfield>
   </datafield>
   <datafield tag="653" ind2=" " ind1=" ">
      <subfield code="a">Tasa de éxito</subfield>
   </datafield>
   <datafield tag="653" ind2=" " ind1=" ">
      <subfield code="a">Pérdida de hueso marginal</subfield>
   </datafield>
   <datafield tag="653" ind2=" " ind1=" ">
      <subfield code="a">Coaxis implant</subfield>
   </datafield>
   <datafield tag="653" ind2=" " ind1=" ">
      <subfield code="a">Implant angulation</subfield>
   </datafield>
   <datafield tag="653" ind2=" " ind1=" ">
      <subfield code="a">Success rate</subfield>
   </datafield>
   <datafield tag="653" ind2=" " ind1=" ">
      <subfield code="a">Marginal bone loss</subfield>
   </datafield>
   <datafield ind2="0" ind1="0" tag="245">
      <subfield code="a">Clinical evidence on a novel macrohybrid design dental implant with 12° angled platform: a systematic review</subfield>
   </datafield>
</record></metadata></record></GetRecord></OAI-PMH>